| 000 | 00866nam a2200217Ia 4500 | ||
|---|---|---|---|
| 999 |
_c40288 _d40288 |
||
| 001 | 6896 | ||
| 003 | GE_BSU | ||
| 005 | 20200130114405.0 | ||
| 008 | 181216s196 ||||g |||||||||||||| ||g || | ||
| 040 | _cGE_BSU | ||
| 041 | _ageo | ||
| 080 | _a821.353.1-4 გ-66 | ||
| 100 |
_aგორგანელი, ვახტანგ. _96511 |
||
| 245 |
_aზღვის ერთი წვეთი : _bლექსები / _cვახტანგ გორგანელი ; რედ. ც. ჩხაიძე. |
||
| 264 |
_aთბილისი : _bნაკადული, _c1975. |
||
| 300 |
_a48 გვ. : _bფოტო-პორტრეტი ; _c16 სმ. |
||
| 653 | _aზღვის ერთი წვეთი | ||
| 653 | _aლექსები | ||
| 700 |
_aბერულავა, ხ. _eრედაქტორი _93738 |
||
| 942 |
_cBK _2udc |
||